[Event "Deutsche Ländermeisterschaft 2018"]
[Site "Würzburg GER"]
[Date "2018.10.06"]
[Round "6"]
[White "Bui, Ngoc Han Julia"]
[Black "Zeuner, Ole"]
[Result "0-1"]
[Termination "normal"]
[Board "5.5"]
[WhiteElo "1876"]
[BlackElo "1865"]
[WhiteClock "00:19:43"]
[BlackClock "00:23:24"]
[WhiteTeam "Sachsen 2"]
[BlackTeam "Sachsen-Anhalt"]
[PlyCount "44"]
[WhiteFideId "12977055"]
[BlackFideId "12943576"]
[EventCountry "GER"]
[EventRounds "7"]
[EventType "team-swiss"]
[EventDate "2018.10.02"]

1. e4 {[%clk 1:30:58]} e5 {[%clk 1:30:51]} 2. Nf3 {[%clk 1:31:23]} Nc6 {[%clk
1:31:15]} 3. Bb5 {[%clk 1:31:44]} a6 {[%clk 1:31:39]} 4. Ba4 {[%clk 1:32:10]}
d6 {[%clk 1:31:49]} 5. c3 {[%clk 1:27:25]} f5 {[%clk 1:31:17]} 6. exf5 {[%clk
1:25:38]} Bxf5 {[%clk 1:31:38]} 7. d3 {[%clk 1:23:52]} Be7 {[%clk 1:30:11]} 8.
O-O {[%clk 1:20:32]} Nf6 {[%clk 1:29:15]} 9. Re1 {[%clk 1:19:09]} O-O {[%clk
1:26:47]} 10. Bb3+ {[%clk 1:14:11]} Kh8 {[%clk 1:26:23]} 11. d4 {[%clk
1:08:24]} e4 {[%clk 1:11:48]} 12. Ng5 {[%clk 0:54:44]} d5 {[%clk 1:11:23]} 13.
f3 {[%clk 0:53:33]} h6 {[%clk 1:03:04]} 14. g4 {[%clk 0:43:11]} Bd7 {[%clk
0:56:45]} 15. Nh3 {[%clk 0:39:12]} exf3 {[%clk 0:53:06]} 16. Nf4 {[%clk
0:36:33]} Bxg4 {[%clk 0:47:15]} 17. Qc2 {[%clk 0:33:45]} Bf5 {[%clk 0:33:17]}
18. Qf2 {[%clk 0:23:47]} g5 {[%clk 0:26:41]} 19. Qxf3 {[%clk 0:20:29]} gxf4
{[%clk 0:25:29]} 20. Qxf4 {[%clk 0:20:55]} Ng4 {[%clk 0:24:18]} 21. h3 {[%clk
0:21:07]} Bg5 {[%clk 0:23:53]} 22. Qg3 {[%clk 0:19:43]} Bh4 {[%clk 0:23:24]}
0-1

[Event "Deutsche Ländermeisterschaft 2018"]
[Site "Würzburg GER"]
[Date "2018.10.06"]
[Round "6"]
[White "Schwenke, Mia"]
[Black "Nguyen, Jenny Ha-Linh"]
[Result "0-1"]
[Termination "normal"]
[Board "5.8"]
[WhiteElo "1203"]
[BlackElo "1230"]
[WhiteClock "00:01:40"]
[BlackClock "01:03:35"]
[WhiteTeam "Sachsen-Anhalt"]
[BlackTeam "Sachsen 2"]
[PlyCount "76"]
[WhiteFideId "16263332"]
[BlackFideId "16209729"]
[EventCountry "GER"]
[EventRounds "7"]
[EventType "team-swiss"]
[EventDate "2018.10.02"]

1. e4 {[%clk 1:30:58]} e6 {[%clk 1:30:56]} 2. d4 {[%clk 1:31:04]} d5 {[%clk
1:31:19]} 3. Nd2 {[%clk 1:30:58]} Nf6 {[%clk 1:31:41]} 4. e5 {[%clk 1:30:51]}
Nfd7 {[%clk 1:31:57]} 5. Bd3 {[%clk 1:30:31]} c5 {[%clk 1:32:04]} 6. c3 {[%clk
1:30:30]} Nc6 {[%clk 1:32:15]} 7. Ne2 {[%clk 1:30:16]} cxd4 {[%clk 1:31:29]} 8.
cxd4 {[%clk 1:30:29]} f6 {[%clk 1:31:50]} 9. exf6 {[%clk 1:30:25]} Nxf6 {[%clk
1:32:14]} 10. Nf3 {[%clk 1:30:16]} Bd6 {[%clk 1:31:51]} 11. a3 {[%clk 1:29:23]}
O-O {[%clk 1:31:55]} 12. O-O {[%clk 1:29:44]} Bd7 {[%clk 1:31:37]} 13. Bf4
{[%clk 1:29:39]} Qe7 {[%clk 1:29:02]} 14. Bxd6 {[%clk 1:22:37]} Qxd6 {[%clk
1:29:21]} 15. Qc2 {[%clk 1:18:47]} Rac8 {[%clk 1:28:34]} 16. Qb1 {[%clk
1:17:53]} h6 {[%clk 1:23:43]} 17. h3 {[%clk 1:15:20]} a6 {[%clk 1:13:06]} 18.
Bc2 {[%clk 0:55:49]} Nh5 {[%clk 1:10:36]} 19. Bh7+ {[%clk 0:35:53]} Kh8 {[%clk
1:09:52]} 20. Nh4 {[%clk 0:34:20]} Ne7 {[%clk 1:07:16]} 21. Bd3 {[%clk
0:18:05]} Nf4 {[%clk 1:06:29]} 22. Ng6+ {[%clk 0:10:25]} Nexg6 {[%clk 1:06:36]}
23. Nxf4 {[%clk 0:07:41]} Nxf4 {[%clk 1:06:46]} 24. Bc2 {[%clk 0:06:55]} Ne2+
{[%clk 1:06:57]} 25. Kh1 {[%clk 0:07:02]} Nxd4 {[%clk 1:07:11]} 26. Bd1 {[%clk
0:06:36]} Bb5 {[%clk 1:07:20]} 27. Re1 {[%clk 0:06:43]} Rxf2 {[%clk 1:07:42]}
28. Qg6 {[%clk 0:06:18]} Be8 {[%clk 1:07:05]} 29. Qg4 {[%clk 0:06:14]} Qf4
{[%clk 1:05:04]} 30. Qxf4 {[%clk 0:05:01]} Rxf4 {[%clk 1:05:27]} 31. g3 {[%clk
0:04:57]} Rf2 {[%clk 1:05:43]} 32. Bg4 {[%clk 0:04:59]} Rcc2 {[%clk 1:04:52]}
33. Kg1 {[%clk 0:03:01]} Bd7 {[%clk 1:02:47]} 34. Reb1 {[%clk 0:02:50]} e5
{[%clk 1:02:51]} 35. Kh1 {[%clk 0:01:00]} Bxg4 {[%clk 1:03:13]} 36. hxg4 {[%clk
0:01:22]} Rh2+ {[%clk 1:03:27]} 37. Kg1 {[%clk 0:01:46]} Rcf2 {[%clk 1:03:35]}
38. Re1 {[%clk 0:01:40]} Nf3# 0-1

[Event "Deutsche Ländermeisterschaft 2018"]
[Site "Würzburg GER"]
[Date "2018.10.06"]
[Round "6"]
[White "Pfreundt, Jakob"]
[Black "Degenhard, Simon"]
[Result "1/2-1/2"]
[Termination "normal"]
[Board "6.1"]
[WhiteTitle "IM"]
[BlackTitle "FM"]
[WhiteElo "2388"]
[BlackElo "2235"]
[WhiteClock "00:02:35"]
[BlackClock "00:03:58"]
[WhiteTeam "Hamburg"]
[BlackTeam "Württemberg 1"]
[PlyCount "109"]
[WhiteFideId "12918156"]
[BlackFideId "12944017"]
[EventCountry "GER"]
[EventRounds "7"]
[EventType "team-swiss"]
[EventDate "2018.10.02"]

1. d4 {[%clk 1:30:56]} Nf6 {[%clk 1:30:44]} 2. Nf3 {[%clk 1:31:18]} e6 {[%clk
1:31:07]} 3. c4 {[%clk 1:31:27]} d5 {[%clk 1:31:28]} 4. Nc3 {[%clk 1:31:43]} c5
{[%clk 1:31:48]} 5. cxd5 {[%clk 1:31:45]} Nxd5 {[%clk 1:32:07]} 6. e4 {[%clk
1:32:01]} Nxc3 {[%clk 1:32:27]} 7. bxc3 {[%clk 1:32:28]} cxd4 {[%clk 1:32:45]}
8. cxd4 {[%clk 1:32:51]} Bb4+ {[%clk 1:33:07]} 9. Bd2 {[%clk 1:33:15]} Bxd2+
{[%clk 1:33:31]} 10. Qxd2 {[%clk 1:33:39]} O-O {[%clk 1:32:49]} 11. Rc1 {[%clk
1:33:36]} b6 {[%clk 1:32:18]} 12. Bd3 {[%clk 1:33:23]} Bb7 {[%clk 1:32:11]} 13.
O-O {[%clk 1:33:36]} Nd7 {[%clk 1:32:23]} 14. Qe3 {[%clk 1:33:39]} Rc8 {[%clk
1:30:20]} 15. e5 {[%clk 1:28:38]} Qe7 {[%clk 1:23:18]} 16. Ng5 {[%clk 1:18:15]}
g6 {[%clk 1:11:01]} 17. Be4 {[%clk 0:55:38]} Ba6 {[%clk 0:56:52]} 18. Rfd1
{[%clk 0:56:00]} f5 {[%clk 0:45:30]} 19. exf6 {[%clk 0:55:51]} Nxf6 {[%clk
0:45:28]} 20. Bf3 {[%clk 0:45:06]} Rxc1 {[%clk 0:40:56]} 21. Rxc1 {[%clk
0:45:12]} Rc8 {[%clk 0:41:04]} 22. Rxc8+ {[%clk 0:39:46]} Bxc8 {[%clk 0:41:08]}
23. h4 {[%clk 0:37:35]} Qd6 {[%clk 0:34:01]} 24. h5 {[%clk 0:30:29]} gxh5
{[%clk 0:30:26]} 25. Nh3 {[%clk 0:25:46]} Qc7 {[%clk 0:26:35]} 26. Nf4 {[%clk
0:23:17]} Qf7 {[%clk 0:26:25]} 27. Qe5 {[%clk 0:22:22]} h6 {[%clk 0:17:23]} 28.
d5 {[%clk 0:14:56]} exd5 {[%clk 0:09:35]} 29. Nxh5 {[%clk 0:15:12]} Ne4 {[%clk
0:08:47]} 30. Nf4 {[%clk 0:09:35]} Bb7 {[%clk 0:07:01]} 31. Bh5 {[%clk
0:08:25]} Qf8 {[%clk 0:03:53]} 32. Qe6+ {[%clk 0:04:24]} Kg7 {[%clk 0:04:22]}
33. Qd7+ {[%clk 0:03:28]} Kg8 {[%clk 0:04:51]} 34. Qe6+ {[%clk 0:03:34]} Kg7
{[%clk 0:05:15]} 35. Qg4+ {[%clk 0:03:07]} Kf6 {[%clk 0:04:24]} 36. Ne6 {[%clk
0:01:28]} Qb8 {[%clk 0:01:13]} 37. Qg6+ {[%clk 0:01:02]} Ke5 {[%clk 0:01:17]}
38. f4+ {[%clk 0:01:00]} Kd6 {[%clk 0:01:41]} 39. Qg7 {[%clk 0:00:34]} Qc8
{[%clk 0:00:50]} 40. Qe5+ {[%clk 0:00:49]} Kc6 {[%clk 0:00:32]} 41. Bg4 {[%clk
0:25:07]} Qg8 {[%clk 0:25:45]} 42. a4 {[%clk 0:07:01]} Nd6 {[%clk 0:22:32]} 43.
Bf3 {[%clk 0:06:45]} Kd7 {[%clk 0:21:05]} 44. Nd4 {[%clk 0:05:58]} a6 {[%clk
0:13:23]} 45. Qf6 {[%clk 0:04:31]} Bc6 {[%clk 0:11:07]} 46. Qxh6 {[%clk
0:02:42]} Bxa4 {[%clk 0:11:01]} 47. f5 {[%clk 0:01:50]} Qe8 {[%clk 0:08:51]}
48. Qf4 {[%clk 0:02:12]} Qe1+ {[%clk 0:06:04]} 49. Kh2 {[%clk 0:02:42]} Nf7
{[%clk 0:04:13]} 50. Be2 {[%clk 0:02:14]} Bd1 {[%clk 0:03:35]} 51. Bxa6 {[%clk
0:01:17]} Ne5 {[%clk 0:02:57]} 52. Bb5+ {[%clk 0:01:46]} Kc8 {[%clk 0:03:07]}
53. Ba6+ {[%clk 0:02:07]} Kd7 {[%clk 0:03:30]} 54. Bb5+ {[%clk 0:02:35]} Kc8
{[%clk 0:03:58]} 55. Ba6+ 1/2-1/2

[Event "Deutsche Ländermeisterschaft 2018"]
[Site "Würzburg GER"]
[Date "2018.10.06"]
[Round "6"]
[White "Walter, Kevin"]
[Black "Engel, Robert"]
[Result "1/2-1/2"]
[Termination "normal"]
[Board "6.2"]
[WhiteElo "2196"]
[BlackElo "2059"]
[WhiteClock "00:02:18"]
[BlackClock "00:03:55"]
[WhiteTeam "Württemberg 1"]
[BlackTeam "Hamburg"]
[PlyCount "86"]
[WhiteFideId "12906654"]
[BlackFideId "12974684"]
[EventCountry "GER"]
[EventRounds "7"]
[EventType "team-swiss"]
[EventDate "2018.10.02"]

1. e4 {[%clk 1:30:57]} c5 {[%clk 1:30:57]} 2. Nf3 {[%clk 1:31:15]} d6 {[%clk
1:31:23]} 3. d4 {[%clk 1:31:13]} cxd4 {[%clk 1:31:48]} 4. Nxd4 {[%clk 1:31:18]}
Nf6 {[%clk 1:32:13]} 5. Nc3 {[%clk 1:31:02]} a6 {[%clk 1:32:38]} 6. Be2 {[%clk
1:31:10]} e5 {[%clk 1:33:01]} 7. Nb3 {[%clk 1:31:24]} Be7 {[%clk 1:33:25]} 8.
O-O {[%clk 1:31:28]} O-O {[%clk 1:33:51]} 9. Re1 {[%clk 1:31:25]} Be6 {[%clk
1:34:15]} 10. Bf3 {[%clk 1:31:28]} Nbd7 {[%clk 1:34:41]} 11. a4 {[%clk
1:31:27]} Qb8 {[%clk 1:35:06]} 12. Nd2 {[%clk 1:27:47]} Rc8 {[%clk 1:35:27]}
13. Nf1 {[%clk 1:21:23]} Bd8 {[%clk 1:35:52]} 14. Ne3 {[%clk 1:16:33]} Ba5
{[%clk 1:36:17]} 15. Bd2 {[%clk 1:15:25]} Qc7 {[%clk 1:29:04]} 16. g4 {[%clk
1:01:27]} Nc5 {[%clk 1:11:43]} 17. Nf5 {[%clk 0:51:33]} Bxc3 {[%clk 1:06:12]}
18. Bxc3 {[%clk 0:51:00]} Ne8 {[%clk 1:04:43]} 19. a5 {[%clk 0:47:47]} g6
{[%clk 1:02:44]} 20. Ne3 {[%clk 0:44:07]} Nf6 {[%clk 1:00:40]} 21. Nd5 {[%clk
0:42:04]} Nxd5 {[%clk 0:53:58]} 22. exd5 {[%clk 0:42:22]} Bd7 {[%clk 0:54:25]}
23. Bb4 {[%clk 0:30:22]} f5 {[%clk 0:50:22]} 24. gxf5 {[%clk 0:26:57]} Bxf5
{[%clk 0:50:23]} 25. Bg2 {[%clk 0:23:25]} Qd8 {[%clk 0:45:16]} 26. Ra3 {[%clk
0:16:52]} Qh4 {[%clk 0:43:22]} 27. Qd2 {[%clk 0:15:20]} Bxc2 {[%clk 0:37:49]}
28. Rh3 {[%clk 0:11:50]} Qg4 {[%clk 0:32:32]} 29. Qh6 {[%clk 0:10:58]} Qd7
{[%clk 0:31:56]} 30. Qd2 {[%clk 0:02:33]} Bf5 {[%clk 0:31:16]} 31. Rhe3 {[%clk
0:02:50]} Na4 {[%clk 0:28:04]} 32. Be4 {[%clk 0:01:55]} Bxe4 {[%clk 0:26:15]}
33. Rxe4 {[%clk 0:02:22]} Nc5 {[%clk 0:26:45]} 34. Bxc5 {[%clk 0:01:43]} Rxc5
{[%clk 0:27:05]} 35. b4 {[%clk 0:01:45]} Rc7 {[%clk 0:26:05]} 36. f4 {[%clk
0:01:49]} exf4 {[%clk 0:19:38]} 37. Qxf4 {[%clk 0:02:16]} Rf8 {[%clk 0:18:13]}
38. Qg3 {[%clk 0:01:09]} Qf5 {[%clk 0:15:34]} 39. Qxd6 {[%clk 0:00:44]} Qf2+
{[%clk 0:10:31]} 40. Kh1 {[%clk 0:01:11]} Qf3+ {[%clk 0:10:15]} 41. Kg1 {[%clk
0:01:39]} Qf2+ {[%clk 0:03:41]} 42. Kh1 {[%clk 0:01:56]} Qf3+ {[%clk 0:04:06]}
43. Kg1 {[%clk 0:02:18]} Qf2+ {[%clk 0:03:55]} 1/2-1/2

[Event "Deutsche Ländermeisterschaft 2018"]
[Site "Würzburg GER"]
[Date "2018.10.06"]
[Round "6"]
[White "Keyser, Robin"]
[Black "Kölle, Tobias"]
[Result "1/2-1/2"]
[Termination "normal"]
[Board "6.3"]
[WhiteElo "1999"]
[BlackElo "2125"]
[WhiteClock "00:57:41"]
[BlackClock "01:00:47"]
[WhiteTeam "Hamburg"]
[BlackTeam "Württemberg 1"]
[PlyCount "83"]
[WhiteFideId "12986429"]
[BlackFideId "16207378"]
[EventCountry "GER"]
[EventRounds "7"]
[EventType "team-swiss"]
[EventDate "2018.10.02"]

1. d4 {[%clk 1:30:58]} d5 {[%clk 1:30:52]} 2. c4 {[%clk 1:31:15]} c6 {[%clk
1:31:15]} 3. Nf3 {[%clk 1:31:25]} Nf6 {[%clk 1:31:37]} 4. Nbd2 {[%clk 1:31:39]}
e6 {[%clk 1:31:25]} 5. g3 {[%clk 1:31:58]} dxc4 {[%clk 1:30:45]} 6. Nxc4 {[%clk
1:31:15]} Be7 {[%clk 1:30:37]} 7. Bg2 {[%clk 1:30:47]} O-O {[%clk 1:30:24]} 8.
O-O {[%clk 1:31:05]} b5 {[%clk 1:30:17]} 9. Nce5 {[%clk 1:30:21]} Bb7 {[%clk
1:30:14]} 10. Qc2 {[%clk 1:29:27]} Qb6 {[%clk 1:30:04]} 11. Bg5 {[%clk
1:21:07]} h6 {[%clk 1:29:46]} 12. Bxf6 {[%clk 1:21:10]} Bxf6 {[%clk 1:26:22]}
13. Rfd1 {[%clk 1:19:55]} Rd8 {[%clk 1:23:36]} 14. e3 {[%clk 1:19:36]} Na6
{[%clk 1:21:57]} 15. Nd3 {[%clk 1:13:02]} Rac8 {[%clk 1:22:05]} 16. b4 {[%clk
1:13:06]} Be7 {[%clk 1:21:53]} 17. a3 {[%clk 1:13:30]} Nb8 {[%clk 1:16:47]} 18.
Nc5 {[%clk 1:09:28]} Bxc5 {[%clk 1:16:08]} 19. dxc5 {[%clk 1:09:54]} Qc7 {[%clk
1:16:29]} 20. Rxd8+ {[%clk 1:08:34]} Rxd8 {[%clk 1:16:52]} 21. Rd1 {[%clk
1:08:59]} a5 {[%clk 1:16:24]} 22. Rxd8+ {[%clk 1:06:32]} Qxd8 {[%clk 1:16:34]}
23. Nd4 {[%clk 1:06:29]} axb4 {[%clk 1:16:06]} 24. axb4 {[%clk 1:06:41]} Qc8
{[%clk 1:12:20]} 25. Qe4 {[%clk 1:05:52]} Na6 {[%clk 1:10:12]} 26. Nc2 {[%clk
1:01:16]} Qd7 {[%clk 1:08:57]} 27. Qd4 {[%clk 1:01:27]} Qxd4 {[%clk 1:09:18]}
28. exd4 {[%clk 1:00:41]} Kf8 {[%clk 1:08:51]} 29. Kf1 {[%clk 1:00:49]} Ke7
{[%clk 1:09:09]} 30. Ke2 {[%clk 1:01:14]} Kd7 {[%clk 1:09:22]} 31. Kd3 {[%clk
1:01:32]} Bc8 {[%clk 1:09:41]} 32. Kc3 {[%clk 1:01:44]} f6 {[%clk 1:09:29]} 33.
Ne1 {[%clk 1:02:02]} Nc7 {[%clk 1:09:06]} 34. Nd3 {[%clk 1:02:02]} Nd5+ {[%clk
1:00:19]} 35. Bxd5 {[%clk 1:02:18]} exd5 {[%clk 1:00:44]} 36. Kd2 {[%clk
1:02:29]} Ke7 {[%clk 1:00:04]} 37. h4 {[%clk 1:00:37]} Bf5 {[%clk 1:00:02]} 38.
Nc1 {[%clk 1:00:34]} g5 {[%clk 1:00:05]} 39. Nb3 {[%clk 0:57:47]} Kd7 {[%clk
1:00:23]} 40. Ke3 {[%clk 0:57:32]} Bc2 {[%clk 1:00:24]} 41. Na5 {[%clk
0:57:56]} Kc7 {[%clk 1:00:47]} 42. Kd2 {[%clk 0:57:41]} 1/2-1/2

[Event "Deutsche Ländermeisterschaft 2018"]
[Site "Würzburg GER"]
[Date "2018.10.06"]
[Round "6"]
[White "Genov, Valentin"]
[Black "Leser, Katrin"]
[Result "0-1"]
[Termination "normal"]
[Board "6.5"]
[WhiteTitle "CM"]
[WhiteElo "1756"]
[BlackElo "2018"]
[WhiteClock "00:08:03"]
[BlackClock "00:15:21"]
[WhiteTeam "Hamburg"]
[BlackTeam "Württemberg 1"]
[PlyCount "102"]
[WhiteFideId "2919745"]
[BlackFideId "12997692"]
[EventCountry "GER"]
[EventRounds "7"]
[EventType "team-swiss"]
[EventDate "2018.10.02"]

1. d4 {[%clk 1:30:42]} Nf6 {[%clk 1:30:49]} 2. c4 {[%clk 1:31:07]} e6 {[%clk
1:31:15]} 3. Nc3 {[%clk 1:31:32]} d5 {[%clk 1:31:41]} 4. Bg5 {[%clk 1:31:56]}
Be7 {[%clk 1:32:06]} 5. Nf3 {[%clk 1:32:16]} O-O {[%clk 1:31:59]} 6. Qc2 {[%clk
1:31:06]} h6 {[%clk 1:31:49]} 7. Bh4 {[%clk 1:29:40]} b6 {[%clk 1:31:31]} 8.
Bxf6 {[%clk 1:29:43]} Bxf6 {[%clk 1:31:42]} 9. e4 {[%clk 1:30:07]} Bb7 {[%clk
1:19:17]} 10. cxd5 {[%clk 1:12:47]} exd5 {[%clk 1:18:58]} 11. e5 {[%clk
1:11:32]} Be7 {[%clk 1:18:47]} 12. Bd3 {[%clk 1:08:25]} c5 {[%clk 1:17:24]} 13.
O-O {[%clk 1:06:14]} Nc6 {[%clk 1:13:34]} 14. Ne2 {[%clk 0:55:49]} Bc8 {[%clk
1:04:07]} 15. h3 {[%clk 0:48:24]} f6 {[%clk 0:47:38]} 16. exf6 {[%clk 0:41:40]}
Rxf6 {[%clk 0:47:04]} 17. Ne5 {[%clk 0:30:11]} Nxd4 {[%clk 0:36:15]} 18. Nxd4
{[%clk 0:30:32]} cxd4 {[%clk 0:36:27]} 19. Rfe1 {[%clk 0:19:20]} Bc5 {[%clk
0:31:28]} 20. a3 {[%clk 0:10:57]} Bb7 {[%clk 0:27:50]} 21. b4 {[%clk 0:09:23]}
Bd6 {[%clk 0:27:49]} 22. f4 {[%clk 0:04:23]} Rc8 {[%clk 0:25:23]} 23. Qd2
{[%clk 0:04:11]} Rc3 {[%clk 0:21:46]} 24. Bf1 {[%clk 0:03:36]} Qc7 {[%clk
0:18:37]} 25. Qxd4 {[%clk 0:03:04]} Rc2 {[%clk 0:16:16]} 26. Bd3 {[%clk
0:02:36]} Qc3 {[%clk 0:14:47]} 27. Qxc3 {[%clk 0:02:24]} Rxc3 {[%clk 0:15:13]}
28. Rec1 {[%clk 0:01:38]} Rxc1+ {[%clk 0:15:07]} 29. Rxc1 {[%clk 0:02:03]} Rxf4
{[%clk 0:15:24]} 30. Nf3 {[%clk 0:01:54]} d4 {[%clk 0:12:35]} 31. Kf2 {[%clk
0:01:31]} Kf7 {[%clk 0:08:23]} 32. Bc4+ {[%clk 0:01:09]} Kf6 {[%clk 0:08:39]}
33. Rd1 {[%clk 0:01:33]} a5 {[%clk 0:07:12]} 34. bxa5 {[%clk 0:00:43]} bxa5
{[%clk 0:07:33]} 35. a4 {[%clk 0:01:03]} Bb4 {[%clk 0:06:49]} 36. Bb5 {[%clk
0:01:00]} Bd5 {[%clk 0:06:49]} 37. Ke2 {[%clk 0:01:07]} Bc3 {[%clk 0:06:28]}
38. Rd3 {[%clk 0:00:38]} Be4 {[%clk 0:03:41]} 39. Rd1 {[%clk 0:00:51]} Bc2
{[%clk 0:03:39]} 40. Rc1 {[%clk 0:00:47]} Re4+ {[%clk 0:02:13]} 41. Kf2 {[%clk
0:28:11]} Bb3 {[%clk 0:30:42]} 42. Rb1 {[%clk 0:25:44]} Ba2 {[%clk 0:27:00]}
43. Rd1 {[%clk 0:24:33]} Ke6 {[%clk 0:24:03]} 44. g3 {[%clk 0:16:05]} Kd5
{[%clk 0:21:44]} 45. Ng1 {[%clk 0:12:25]} Bc4 {[%clk 0:18:14]} 46. Bxc4+ {[%clk
0:10:51]} Kxc4 {[%clk 0:18:37]} 47. Kf3 {[%clk 0:08:03]} Re1 {[%clk 0:16:23]}
48. Rxe1 {[%clk 0:08:20]} Bxe1 {[%clk 0:16:46]} 49. g4 {[%clk 0:07:24]} d3
{[%clk 0:15:22]} 50. Ke3 {[%clk 0:07:36]} d2 {[%clk 0:15:11]} 51. Ke2 {[%clk
0:08:03]} Kb4 {[%clk 0:15:21]} 0-1

[Event "Deutsche Ländermeisterschaft 2018"]
[Site "Würzburg GER"]
[Date "2018.10.06"]
[Round "6"]
[White "Riehle, Marco"]
[Black "Sawlin, Leonid"]
[Result "1/2-1/2"]
[Termination "normal"]
[Board "7.1"]
[WhiteTitle "FM"]
[BlackTitle "FM"]
[WhiteElo "2265"]
[BlackElo "2355"]
[WhiteClock "00:56:35"]
[BlackClock "01:12:42"]
[WhiteTeam "Baden 2"]
[BlackTeam "Berlin"]
[PlyCount "58"]
[WhiteFideId "12904392"]
[BlackFideId "4689542"]
[EventCountry "GER"]
[EventRounds "7"]
[EventType "team-swiss"]
[EventDate "2018.10.02"]

1. e4 {[%clk 1:30:48]} c5 {[%clk 1:29:29]} 2. Nf3 {[%clk 1:29:45]} d6 {[%clk
1:29:04]} 3. d4 {[%clk 1:30:04]} cxd4 {[%clk 1:29:30]} 4. Nxd4 {[%clk 1:30:30]}
Nf6 {[%clk 1:29:55]} 5. f3 {[%clk 1:30:57]} e5 {[%clk 1:30:06]} 6. Nb3 {[%clk
1:31:23]} d5 {[%clk 1:30:28]} 7. Bg5 {[%clk 1:31:06]} Be6 {[%clk 1:30:52]} 8.
Bxf6 {[%clk 1:31:31]} gxf6 {[%clk 1:31:19]} 9. exd5 {[%clk 1:31:56]} Qxd5
{[%clk 1:30:12]} 10. Qxd5 {[%clk 1:31:37]} Bxd5 {[%clk 1:30:40]} 11. Nc3 {[%clk
1:31:58]} Be6 {[%clk 1:30:21]} 12. O-O-O {[%clk 1:32:04]} Nd7 {[%clk 1:29:23]}
13. Nd5 {[%clk 1:28:11]} O-O-O {[%clk 1:29:08]} 14. Bb5 {[%clk 1:25:10]} f5
{[%clk 1:23:25]} 15. Rhe1 {[%clk 1:21:43]} Nc5 {[%clk 1:23:33]} 16. Nxc5 {[%clk
1:13:37]} Bxc5 {[%clk 1:21:25]} 17. Bc4 {[%clk 1:08:52]} Bd4 {[%clk 1:20:28]}
18. c3 {[%clk 1:08:59]} Bxd5 {[%clk 1:16:14]} 19. Bxd5 {[%clk 1:08:39]} Rxd5
{[%clk 1:15:47]} 20. cxd4 {[%clk 1:09:04]} Rg8 {[%clk 1:14:19]} 21. Rd2 {[%clk
1:00:13]} f6 {[%clk 1:14:11]} 22. dxe5 {[%clk 1:00:11]} Rxd2 {[%clk 1:11:11]}
23. Kxd2 {[%clk 1:00:34]} Rxg2+ {[%clk 1:11:36]} 24. Kc3 {[%clk 1:00:38]} fxe5
{[%clk 1:12:00]} 25. Rxe5 {[%clk 1:01:02]} Rg5 {[%clk 1:12:16]} 26. Kd4 {[%clk
0:57:29]} Kd7 {[%clk 1:12:33]} 27. Re2 {[%clk 0:56:23]} Kd6 {[%clk 1:12:53]}
28. Ke3 {[%clk 0:56:30]} Rh5 {[%clk 1:12:21]} 29. Kf4 {[%clk 0:56:35]} Rh3
{[%clk 1:12:42]} 1/2-1/2

[Event "Deutsche Ländermeisterschaft 2018"]
[Site "Würzburg GER"]
[Date "2018.10.06"]
[Round "6"]
[White "Lagunow, Raphael"]
[Black "Joeres, Stefan"]
[Result "1-0"]
[Termination "normal"]
[Board "7.2"]
[WhiteTitle "FM"]
[WhiteElo "2403"]
[BlackElo "2039"]
[WhiteClock "00:16:50"]
[BlackClock "00:55:36"]
[WhiteTeam "Berlin"]
[BlackTeam "Baden 2"]
[PlyCount "49"]
[WhiteFideId "24652644"]
[BlackFideId "12983160"]
[EventCountry "GER"]
[EventRounds "7"]
[EventType "team-swiss"]
[EventDate "2018.10.02"]

1. e4 {[%clk 1:30:57]} c5 {[%clk 1:30:56]} 2. Nf3 {[%clk 1:31:22]} Nc6 {[%clk
1:31:22]} 3. d4 {[%clk 1:31:47]} cxd4 {[%clk 1:31:50]} 4. Nxd4 {[%clk 1:32:10]}
g6 {[%clk 1:32:13]} 5. Nc3 {[%clk 1:32:36]} Bg7 {[%clk 1:32:37]} 6. Be3 {[%clk
1:33:02]} Nf6 {[%clk 1:33:04]} 7. Bc4 {[%clk 1:33:21]} O-O {[%clk 1:33:29]} 8.
Bb3 {[%clk 1:33:39]} Re8 {[%clk 1:32:15]} 9. h4 {[%clk 1:31:56]} h5 {[%clk
1:20:02]} 10. f3 {[%clk 1:26:10]} d5 {[%clk 1:16:49]} 11. exd5 {[%clk 1:22:43]}
Na5 {[%clk 1:17:12]} 12. Qd2 {[%clk 1:18:48]} Nxb3 {[%clk 1:11:04]} 13. Nxb3
{[%clk 1:18:53]} a6 {[%clk 1:08:56]} 14. O-O-O {[%clk 1:10:14]} b5 {[%clk
1:08:08]} 15. a3 {[%clk 0:57:08]} Bd7 {[%clk 1:03:57]} 16. Ne4 {[%clk 0:52:41]}
Nxe4 {[%clk 1:00:30]} 17. fxe4 {[%clk 0:53:04]} a5 {[%clk 1:00:56]} 18. Bd4
{[%clk 0:50:01]} Qc7 {[%clk 0:59:08]} 19. Rhf1 {[%clk 0:46:46]} Rec8 {[%clk
0:57:32]} 20. Bxg7 {[%clk 0:42:52]} Kxg7 {[%clk 0:57:53]} 21. Rf2 {[%clk
0:40:16]} f6 {[%clk 0:57:42]} 22. d6 {[%clk 0:32:03]} Qa7 {[%clk 0:56:12]} 23.
dxe7 {[%clk 0:27:35]} Bg4 {[%clk 0:55:48]} 24. Rdf1 {[%clk 0:25:58]} Rc6 {[%clk
0:55:36]} 25. Nd4 {[%clk 0:16:50]} 1-0